01438nam a2200289 a 450000100100000000500170001000800410002704000250006808200150009324500810010826000340018930000280022350400330025170000360028470000300032070000350035070000370038570000330042204900090045571000510046495201280051595201280064395201280077195201130089995201190101299900170113100001375320240307073945.0091130s1981 dr a 001 0 spa d aDO-SdBNPbspacBNPHU axxxbM294p00aManual de prácticas de fisiología /cMariano Estrada Muñoz... [et al]. aSanto Domingo :bUASD,c1981. a138 p. :bil. ;c21 cm. aIncluye referencias [p. 138]1 aEstrada Muñoz, Mariano9259031 aMarte Bell, Miguel9312171 aNúñez Musa, Rodolfo9259051 aPeña Vasallo, Francisco9312181 aTejeda Aracena, Angel931219 aBNPD1 aUniversidad Autónoma de Santo Domingo972951 001054708DSaGRbGRcCTd2009-11-30iLF1l0oxxx M294pp13753-30r2020-06-25te. 5w2020-06-25yLFDSZPréstamo en sala 001054708DSaGRbGRcCTd2009-11-30iLF1l0oxxx M294pp13753-40r2020-06-25te. 3w2020-06-25yLFDSZPréstamo en sala 001054708DSaGRbGRcCTd2009-11-30iLF1l0oxxx M294pp13753-50r2020-06-25te. 4w2020-06-25yLFDSZPréstamo en sala 0010718PDaPDbPDcCTd2009-11-30iLF1l0oxxx M294pp13753-10r2020-06-25w2020-06-25yLFPDZNo se presta 0010718PDaPDbPDcCTd2009-11-30iLF1l0oxxx M294pp13753-20r2020-06-25te. 2w2020-06-25yLFPDZNo se presta c13366d13366